000
00174nam a2200073Ia 4500
008
170524s9999 xx 000 0 und d
100
_a
HARWAR
245
0
_a
SUPPLIER EMPROVEMENT
260
_b
HIMALYA PUB. HOUSE
999
_c
7975
_d
7975